| 000 | nam a22 a 4500 | ||
|---|---|---|---|
| 999 |
_c1030 _d1030 |
||
| 003 | AKMAL | ||
| 005 | 20170508110430.0 | ||
| 008 | 170508s1994 my 00 may d | ||
| 020 |
_a9839601458 (kkt. ) : _cRM 8.50 |
||
| 040 | _aAKMAL | ||
| 082 | 0 | 4 | _a297.19785 BAA |
| 090 | 0 | 0 |
_a297.19785 _bBAA |
| 095 | 0 | 0 | _dKP |
| 100 | 1 |
_aBaadly, Mahmud Muhammad _92151 |
|
| 245 | 1 | 0 |
_aPenilaian dan penyelewengan harta menurut pandangan Islam / _cMahmud Muhammad Baadly ; alih bahasa H.Abdul Hadi M.A. |
| 260 |
_aKuala Lumpur : _bDinie Publisher, _c1994 |
||
| 300 |
_a224ms. : _c21cm. |
||
| 500 | _aMengandungi ayat-ayat dari al-Quran | ||
| 650 |
_aProperty _xReligious aspects _xIslam _92152 |
||
| 650 |
_aZakat _92153 |
||
| 700 | 0 |
_aH. Abdul Hadi M. A. _92154 |
|
| 942 |
_2ddc _cBOOK |
||